000 00894nam a2200265 i 4500
001 4160390
003 EG-ScBUE
005 20250601091952.0
008 780720s1977 enka f b 001 0 eng d
020 _a0198511361
040 _aEG-ScBUE
_beng
_erda
_cEG-ScBUE
_dEG-ScBUE
082 0 4 _a523.10151
_222
_bLAN
100 1 _aLandsberg, Peter Theodore,
_96492
_eauthor.
245 1 0 _aMathematical cosmology :
_ban introduction /
_cPeter T. Landsberg and David A. Evans.
264 1 _aOxford :
_bClarendon Press,
_c1977.
300 _ax, 309 pages :
_billustrations ;
_c24 cm
336 _2rdacontent
_atext
_btxt
337 _aunmediated
_2rdamedia
_bn
338 _avolume
_bnc
_2rdacarrier
504 _aIncludes bibliographical references and index.
650 7 _aCosmology
_xMathematics.
_96493
_2BUEsh
655 _vReading book
700 1 _aEvans, David A.,
_eauthor.
_96494
942 _2ddc
_cBB
999 _c11907
_d11907